| 000 | 00505nam a22001817a 4500 | ||
|---|---|---|---|
| 003 | CEME | ||
| 005 | 20210628201642.0 | ||
| 008 | 210204b xxu||||| |||| 00| 0 eng d | ||
| 020 | _a81-203-2184-7 | ||
| 040 | _c. | ||
| 082 | _a004 RAY | ||
| 100 |
_aRay, Ajoy Kumar ,Acharya, Tinku _956186 |
||
| 245 | _aInformation technology ,principles and applications | ||
| 260 |
_aNEW DELHI _bPRENTICE HALL OF INDIA _c2004 |
||
| 300 | _aXXV,601P | ||
| 650 |
_aINFORMATION TECHNOLOGY.IT _956187 |
||
| 942 |
_cBK _2ddc |
||
| 999 |
_c566688 _d566688 |
||